00439 2200169 4500245004700000020002200047250001200069100001900081700001800100650003300118005001900151260004200170041001400212084001100226300002300237336000900260 aBerani Tidak DisukaicIchiro KishimihText a978-602-06-3321-3 aCet. 16 aIchiro Kishimi aAgnes Cynthia aMotivasi & Pengembangan Diri a20240903142803 aJakartabGramedia Pustaka Utamac2022 aIndonesia a155.25 a323 hlm. :c20 cm. atext